| 000 | 00613nam a22002057a 4500 | ||
|---|---|---|---|
| 005 | 20250902120802.0 | ||
| 008 | 250902b |||||||| |||| 00| 0 eng d | ||
| 037 | _cTB | ||
| 040 |
_aAL _cAL |
||
| 041 |
_2ENG _aENG |
||
| 084 |
_aSigma:f M9 _qAL |
||
| 100 | _aMukherjee, Ramkrishna | ||
| 245 | _aQuality of life: valuation in social research | ||
| 260 |
_aNew Delhi, India: _bSage Publication, _c1989. |
||
| 300 | _a248p. | ||
| 650 | _aSocial Sciences | ||
| 650 | _aResearch methodology | ||
| 942 |
_2CC _cTB _hSigma:f M9 _n0 |
||
| 999 |
_c1435056 _d1435056 |
||